|
|
|
|
| LEADER |
00000ny a22000003n 4500 |
| 005 |
20110510104134.0 |
| 008 |
100414s2000 it z s 000 a spa d |
| 035 |
|
|
|a 1694
|
| 040 |
|
|
|a BUS
|d vLex
|
| 090 |
|
|
|c 1496
|d 1496
|
| 245 |
3 |
0 |
|a Tribunali Amministrativi Regionali
|h [Recurso electrn̤ico]
|
| 256 |
|
|
|a Servicio en ln̕ea
|
| 260 |
|
|
|a [Italia] :
|b [s.n.]
|
| 650 |
0 |
4 |
|a Sentencias
|x Publicaciones perid̤icas
|
| 650 |
0 |
4 |
|a Tribunales administrativos
|z Italia
|x Publicaciones perid̤icas
|
| 740 |
0 |
|
|a vLex Revista (Servicios en ln̕ea)
|
| 843 |
|
|
|a Electrn̤ica. Abierta
|
| 853 |
|
|
|8 1
|i (year)
|j (month)
|k (day)
|
| 856 |
4 |
0 |
|z Acceso restringido
|u http://vlex.com/source/tribunali-amministrativi-regionali-1694
|
| 942 |
|
|
|c REV
|